撒旦美麗的一面 (Record no. 17071)
[ view plain ]
| 000 -LEADER | |
|---|---|
| fixed length control field | 00835nam a2200277Ia 4500 |
| 003 - CONTROL NUMBER IDENTIFIER | |
| control field | OSt |
| 005 - DATE AND TIME OF LATEST TRANSACTION | |
| control field | 20210407143708.0 |
| 008 - FIXED-LENGTH DATA ELEMENTS--GENERAL INFORMATION | |
| fixed length control field | 200824s9999||||xx |||||||||||||| ||und|| |
| 020 ## - INTERNATIONAL STANDARD BOOK NUMBER | |
| International Standard Book Number | 9575560523 |
| 040 ## - CATALOGING SOURCE | |
| Transcribing agency | GETS |
| 041 ## - LANGUAGE CODE | |
| Language code of text/sound track or separate title | chi |
| Language code of original | eng |
| 050 ## - LIBRARY OF CONGRESS CALL NUMBER | |
| Classification number | BV4935.M48 |
| Item number | .A32 1991 |
| 100 ## - MAIN ENTRY--PERSONAL NAME | |
| Personal name | Michaelsen, J. |
| 245 #0 - TITLE STATEMENT | |
| Title | 撒旦美麗的一面 |
| Remainder of title | = The beautiful side of evil / |
| Statement of responsibility, etc. | 麥卓娜 (J.Michaelsen ) 著; 黃莉莉譯 |
| 246 ## - VARYING FORM OF TITLE | |
| Title proper/short title | 撒旦美丽的一面 |
| 250 ## - EDITION STATEMENT | |
| Edition statement | 4th ed. |
| 260 ## - PUBLICATION, DISTRIBUTION, ETC. | |
| Place of publication, distribution, etc. | 台北巿: |
| Name of publisher, distributor, etc. | 橄欖文化事業基金會出版部印行 |
| Date of publication, distribution, etc. | 1991 |
| 300 ## - PHYSICAL DESCRIPTION | |
| Extent | 4, 216 p. |
| Other physical details | ; |
| Dimensions | 21 cm. |
| 500 ## - GENERAL NOTE | |
| General note | Translation of: The beautiful side of evil. |
| 650 ## - SUBJECT ADDED ENTRY--TOPICAL TERM | |
| Topical term or geographic name entry element | Christian life--1960. |
| 650 ## - SUBJECT ADDED ENTRY--TOPICAL TERM | |
| Topical term or geographic name entry element | Converts--biography. |
| 650 ## - SUBJECT ADDED ENTRY--TOPICAL TERM | |
| Topical term or geographic name entry element | Michaelsen, johanna. |
| 700 ## - ADDED ENTRY--PERSONAL NAME | |
| Personal name | 麥卓娜 |
| 700 ## - ADDED ENTRY--PERSONAL NAME | |
| Personal name | 黃莉莉 |
| 942 ## - ADDED ENTRY ELEMENTS (KOHA) | |
| Koha item type | Chinese Book |
| Withdrawn status | Lost status | Damaged status | Not for loan | Home library | Current library | Shelving location | Date acquired | Total Checkouts | Full call number | Barcode | Date last seen | Price effective from | Koha item type |
|---|---|---|---|---|---|---|---|---|---|---|---|---|---|
| GETS Theological Seminary Library | GETS Theological Seminary Library | General Stacks | 08/24/2020 | BV4935.M48 .A32 1991 | 00005262 | 08/24/2020 | 08/24/2020 | Chinese Book |